<?xml version="1.0" encoding="UTF-8"?>
<record
    xmlns:xsi="http://www.w3.org/2001/XMLSchema-instance"
    xsi:schemaLocation="http://www.loc.gov/MARC21/slim http://www.loc.gov/standards/marcxml/schema/MARC21slim.xsd"
    xmlns="http://www.loc.gov/MARC21/slim">

  <leader>01141nam a2200289 i 4500</leader>
  <controlfield tag="001">normy2008</controlfield>
  <controlfield tag="003">BPK</controlfield>
  <controlfield tag="005">20200804090512.0</controlfield>
  <controlfield tag="008">121231s        pl a   f u   |000 0 pol  </controlfield>
  <datafield tag="040" ind1=" " ind2=" ">
    <subfield code="c">BPK</subfield>
  </datafield>
  <datafield tag="041" ind1=" " ind2=" ">
    <subfield code="a">pol</subfield>
  </datafield>
  <datafield tag="084" ind1=" " ind2=" ">
    <subfield code="a">ICS 85.060</subfield>
  </datafield>
  <datafield tag="245" ind1=" " ind2=" ">
    <subfield code="a">Papier i tektura :</subfield>
    <subfield code="b">wymagania zdrowotne dotycz&#x105;ce materia&#x142;&#xF3;w stosowanych do bezpo&#x15B;redniego kontaktu z &#x17C;ywno&#x15B;ci&#x105;.</subfield>
  </datafield>
  <datafield tag="246" ind1=" " ind2=" ">
    <subfield code="a">PN-P-50430:1998</subfield>
  </datafield>
  <datafield tag="250" ind1=" " ind2=" ">
    <subfield code="a">Zatwierdzono: 1998.01.28</subfield>
  </datafield>
  <datafield tag="260" ind1=" " ind2=" ">
    <subfield code="a">Warszawa :</subfield>
    <subfield code="b">Polski Komitet Normalizacyjny,</subfield>
    <subfield code="c">1998.</subfield>
  </datafield>
  <datafield tag="520" ind1=" " ind2=" ">
    <subfield code="a">Ustalono wymagania dotycz&#x105;ce jako&#x15B;ci zdrowotnej papier&#xF3;w i tektur zadrukowanych lub niezadrukowanych, przeznaczonych do bezpo&#x15B;redniego kontaktu z &#x17C;ywno&#x15B;ci&#x105;. Podano wykaz wymaga&#x144; oraz odpowiadaj&#x105;ce im metody bada&#x144;.</subfield>
  </datafield>
  <datafield tag="653" ind1=" " ind2=" ">
    <subfield code="a">papier</subfield>
  </datafield>
  <datafield tag="653" ind1=" " ind2=" ">
    <subfield code="a">tektura</subfield>
  </datafield>
  <datafield tag="653" ind1=" " ind2=" ">
    <subfield code="a">pakowanie</subfield>
  </datafield>
  <datafield tag="653" ind1=" " ind2=" ">
    <subfield code="a">higiena</subfield>
  </datafield>
  <datafield tag="653" ind1=" " ind2=" ">
    <subfield code="a">produkty spo&#x17C;ywcze</subfield>
  </datafield>
  <datafield tag="710" ind1=" " ind2=" ">
    <subfield code="a">NKP nr 25 ds. Mas W&#x142;&#xF3;knistych, Papieru, Tektury i ich Przetwor&#xF3;w</subfield>
  </datafield>
  <datafield tag="856" ind1=" " ind2=" ">
    <subfield code="u">http://koha.tu.koszalin.pl/cgi-bin/koha/opac-detail.pl?biblionumber=73194</subfield>
    <subfield code="y">Katalog online BPK</subfield>
  </datafield>
  <datafield tag="942" ind1=" " ind2=" ">
    <subfield code="c">NR</subfield>
  </datafield>
  <datafield tag="952" ind1=" " ind2=" ">
    <subfield code="0">0</subfield>
    <subfield code="1">0</subfield>
    <subfield code="4">0</subfield>
    <subfield code="7">1</subfield>
    <subfield code="a">BPK</subfield>
    <subfield code="b">BPK</subfield>
    <subfield code="c">c</subfield>
    <subfield code="d">2013-02-02</subfield>
    <subfield code="o">PN-P-50430</subfield>
    <subfield code="p">PNS10887</subfield>
    <subfield code="w">2013-02-02</subfield>
    <subfield code="y">NR</subfield>
  </datafield>
  <datafield tag="998" ind1=" " ind2=" ">
    <subfield code="c">eg</subfield>
    <subfield code="d">2008.07.23</subfield>
  </datafield>
  <datafield tag="999" ind1=" " ind2=" ">
    <subfield code="c">73194</subfield>
    <subfield code="d">73194</subfield>
  </datafield>
</record>
